[Event "47th GER-ch Blitz 2020"]
[Site "Magdeburg"]
[Date "2020.08.15"]
[Round "12.6"]
[White "Muranyi, Karl-Jasmin"]
[Black "Reichmann, Hendrik"]
[Result "1-0"]
[WhiteElo "2331"]
[BlackElo "2348"]
[Annotator "ChessBase"]
[PlyCount "121"]
[EventDate "2020.07.28"]
[EventType "tourn"]
[EventCountry "GER"]
[SourceTitle "playchess.com"]
[Source "ChessBase"]
[SourceQuality "1"]
[TimeControl "180+2"]

1. d4 {[%emt 0:00:00]} g6 {[%emt 0:00:00]} 2. c3 {[%emt 0:00:00]} Bg7 {[%emt 0:00:00]} 3. Nf3 {[%emt 0:00:01]} d6 {[%emt 0:00:01]} 4. Bf4 {[%emt 0:00:01]} Nd7 {[%emt 0:00:01]} 5. h3 {[%emt 0:00:03]} e5 {[%emt 0:00:01]} 6. Bh2 {[%emt 0:00:03]} Qe7 {[%emt 0:00:03]} 7. e3 {[%emt 0:00:01]} Ngf6 {[%emt 0:00:02]} 8. Be2 {[%emt 0:00:01]} O-O {[%emt 0:00:02]} 9. O-O {[%emt 0:00:02]} b6 {[%emt 0:00:28]} 10. a4 {[%emt 0:00:01]} a6 {[%emt 0:00:02]} 11. Nbd2 {[%emt 0:00:06]} Bb7 {[%emt 0:00:01]} 12. Qb3 {[%emt 0:00:02]} Kh8 {[%emt 0:00:24]} 13. Qa3 {[%emt 0:00:08]} e4 {[%emt 0:00:08]} 14. Ne1 {[%emt 0:00:02]} Rfe8 {[%emt 0:00:09]} 15. Nc2 {[%emt 0:00:02]} Bf8 {[%emt 0:00:05]} 16. b4 {[%emt 0:00:05]} Qd8 {[%emt 0:00:03]} 17. Qb3 {[%emt 0:00:03]} Qe7 {[%emt 0:00:10]} 18. c4 {[%emt 0:00:04]} Rab8 {[%emt 0:00:12]} 19. a5 {[%emt 0:00:03]} Bc8 {[%emt 0:00:22]} 20. axb6 {[%emt 0:00:12]} Rxb6 {[%emt 0:00:09]} 21. Qa4 {[%emt 0:00:24]} c5 {[%emt 0:00:04]} 22. Rfb1 {[%emt 0:00:15]} cxd4 {[%emt 0:00:07]} 23. Nxd4 {[%emt 0:00:01]} Ne5 {[%emt 0:00:05]} 24. Qa5 {[%emt 0:00:14]} Qb7 {[%emt 0:00:05]} 25. c5 {[%emt 0:00:11]} dxc5 {[%emt 0:00:08]} 26. bxc5 {[%emt 0:00:01]} Rxb1+ {[%emt 0:00:03]} 27. Rxb1 {[%emt 0:00:01]} Qd5 {[%emt 0:00:04]} 28. Bxe5 {[%emt 0:00:15]} Qxe5 {[%emt 0:00:07]} 29. Bxa6 {[%emt 0:00:22]} Qxc5 {[%emt 0:00:07]} 30. Qxc5 {[%emt 0:00:05]} Bxc5 {[%emt 0:00:01]} 31. Bxc8 {[%emt 0:00:01]} Rxc8 {[%emt 0:00:01]} 32. Rc1 {[%emt 0:00:08]} Rc7 {[%emt 0:00:11]} 33. Nb5 {[%emt 0:00:04]} Rd7 {[%emt 0:00:02]} 34. Rxc5 {[%emt 0:00:07]} Rxd2 {[%emt 0:00:00]} 35. g4 {[%emt 0:00:07]} h6 {[%emt 0:00:04]} 36. Nd4 {[%emt 0:00:02]} Kg7 {[%emt 0:00:05]} 37. Kg2 {[%emt 0:00:02]} Ra2 {[%emt 0:00:05]} 38. Kg3 {[%emt 0:00:01]} Ra1 {[%emt 0:00:01]} 39. Rc7 {[%emt 0:00:06]} Ra6 {[%emt 0:00:03]} 40. Re7 {[%emt 0:00:06]} Kf8 {[%emt 0:00:05]} 41. Re5 {[%emt 0:00:02]} Ra1 {[%emt 0:00:02]} 42. Kg2 {[%emt 0:00:02]} Ra2 {[%emt 0:00:02]} 43. Nc6 {[%emt 0:00:08]} Rd2 {[%emt 0:00:03]} 44. Nb4 {[%emt 0:00:03]} Kg7 {[%emt 0:00:06]} 45. Kg3 {[%emt 0:00:01]} Rd1 {[%emt 0:00:01]} 46. Nc6 {[%emt 0:00:05]} Rg1+ {[%emt 0:00:05]} 47. Kh2 {[%emt 0:00:01]} Rf1 {[%emt 0:00:02]} 48. Kg2 {[%emt 0:00:01]} Rd1 {[%emt 0:00:01]} 49. Nd4 {[%emt 0:00:01]} Rd2 {[%emt 0:00:03]} 50. Re7 {[%emt 0:00:03]} Kf8 {[%emt 0:00:01]} 51. Re5 {[%emt 0:00:03]} Kg7 {[%emt 0:00:03]} 52. Kg3 {[%emt 0:00:00]} Rd1 {[%emt 0:00:00]} 53. Ne2 {[%emt 0:00:01]} Rd2 {[%emt 0:00:05]} 54. Nc3 {[%emt 0:00:02]} Rc2 {[%emt 0:00:14]} 55. Nxe4 {[%emt 0:00:02]} Nd7 {[%emt 0:00:02]} 56. Re7 {[%emt 0:00:04]} Nf8 {[%emt 0:00:01]} 57. Nd6 {[%emt 0:00:02]} Ne6 {[%emt 0:00:06]} 58. Rxf7+ {[%emt 0:00:02]} Kg8 {[%emt 0:00:01]} 59. Rf6 {[%emt 0:00:02]} Ng5 {[%emt 0:00:03]} 60. h4 {[%emt 0:00:05]} Kg7 {[%emt 0:00:05]} 61. hxg5 {[%emt 0:00:06]} 1-0

[Event "47th GER-ch Blitz 2020"]
[Site "Magdeburg"]
[Date "2020.08.15"]
[Round "12.7"]
[White "Braeuning, Rudolf Wilhelm"]
[Black "Svane, Rasmus"]
[Result "0-1"]
[WhiteElo "2244"]
[BlackElo "2613"]
[Annotator "TA"]
[PlyCount "88"]
[EventDate "2020.07.28"]
[EventType "tourn"]
[EventCountry "GER"]
[SourceTitle "playchess.com"]
[Source "ChessBase"]
[SourceQuality "1"]

{[%evp 14,88,7,0,4,0,4,0,0,0,0,0,0,13,8,7,16,10,45,36,60,59,58,0,0,0,0,-22,-13,-20,0,-59,-62,-61,-18,-78,-66,-89,-71,-118,-72,-270,-261,-793,0,-98,-109,-94,-14,-158,-154,-155,-149,-176,-172,-169,-152,-204,-140,-180,-122,-155,-118,-962,-925,-1312,-1300,-1312,-1306,-1258,-883,-7330,-1278,-1208,-1187,-1127,-1075]} 1. e4 c6 2. d4 d5 3. exd5 cxd5 4. c4 Nf6 5. Nc3 Nc6 6. Bg5 dxc4 7. d5 Ne5 8. Qd4 h6 {B13: Caro-Kann: Exchange Variation and Panov-Botvinnik Attack.} 9. Bf4 Ng6 10. Bxc4 Nxf4 {The position is equal.} 11. Qxf4 g5 12. Qe3 Bg7 13. Nf3 O-O 14. O-O a6 15. Bb3 b5 16. Rfe1 Re8 17. Ne5 Qd6 {[#]} 18. Rad1 $146 (18. h3 $14) ({Predecessor:} 18. h4 gxh4 19. Qf4 Rf8 20. Qxh4 b4 21. Nc4 Qd8 22. Ne4 Nxd5 23. Rad1 e6 24. Qg3 {1-0 (43) Leenders,C (2326)-Huemmler,T (2037) ICCF email 2016}) 18... Ng4 $11 19. Nxg4 Bxg4 20. f3 Bf5 21. Ne4 Qg6 22. g4 (22. Ng3 $11) 22... Bxe4 $1 $15 23. Qxe4 Qd6 24. Bc2 (24. Rc1 $11) 24... Rac8 {Strongly threatening ...Qc5+.} 25. Qh7+ Kf8 {And now ...Qc5+ would win.} 26. Bf5 Rc4 27. Re6 $2 {[#]} (27. Kg2 $17) 27... Qc5+ $1 $19 28. Kg2 $2 (28. Kf1) 28... Rc1 $2 (28... fxe6 $19 29. b3 Rc3) 29. Rxc1 (29. Rc6 $11 {was the only way to keep the balance.} Qe3 30. Rcxc1 Qe2+ {[%mdl 64] Double Attack} 31. Kh1 Qxf3+ 32. Kg1 Qe3+ 33. Kh1 (33. Kg2 Qe2+ {[%mdl 64] Double Attack} 34. Kh1 Qf3+ 35. Kg1 Qe3+ 36. Kg2 Qe2+ {[%mdl 64] Double Attack} 37. Kh1 Qf3+ $11) 33... Qf3+ 34. Kg1 Qe3+ 35. Kg2 Qe2+ {[%mdl 64] Double Attack} 36. Kh1 Qf3+) 29... Qxc1 $17 30. Re2 {[#]} Qd1 (30... Qc4 $1 $17 {[%mdl 512]} 31. Rd2 Qxa2) 31. Rf2 (31. Bd3 $11) 31... Qxd5 32. b3 e6 $36 {[%mdl 2048] Black is in control.} 33. Be4 Qd6 34. Bb1 Rc8 35. Qe4 (35. Qd3 $17 Qf4 36. Qd7) 35... Bf6 36. Qe2 Kg7 (36... Be5 $19 37. Qd3 Bxh2 38. Qxd6+ Bxd6) 37. Qe1 Qf4 {Hoping for ...Be5.} 38. Re2 $2 {[%mdl 8192]} (38. Qe4 $17) 38... Rc1 $19 {Black is clearly winning.} 39. Qf2 Rxb1 40. Re4 Qc1 {White must now prevent ...Qh1+.} 41. Kh3 Qf1+ 42. Kg3 Qxf2+ 43. Kxf2 Rb2+ 44. Ke3 Rxa2 {Accuracy: White = 39%, Black = 66%.} 0-1

[Event "47th GER-ch Blitz 2020"]
[Site "Magdeburg"]
[Date "2020.08.15"]
[Round "12.8"]
[White "Bluebaum, Matthias"]
[Black "Koch, Thomas"]
[Result "1-0"]
[WhiteElo "2647"]
[BlackElo "2461"]
[Annotator "TA"]
[PlyCount "99"]
[EventDate "2020.07.28"]
[EventType "tourn"]
[EventCountry "GER"]
[SourceTitle "playchess.com"]
[Source "ChessBase"]
[SourceQuality "1"]

{[%evp 16,99,9,0,25,17,35,35,61,43,59,49,119,46,47,39,94,98,308,256,243,166,162,156,195,127,118,122,135,118,134,116,130,100,139,139,140,139,213,224,210,131,180,188,204,195,220,12,96,-164,-138,-319,-313,-368,-336,-316,-196,-316,-190,-194,-171,-254,-170,-189,-189,-389,-291,-227,0,-195,-133,-77,-74,-139,0,0,0,0,0,0,170,170,170,170,29991,29992]} 1. d4 Nf6 2. c4 e6 3. Nc3 Bb4 4. e3 O-O 5. Bd2 b6 6. Bd3 Bb7 7. Nf3 d5 8. cxd5 exd5 9. O-O Re8 {E52: Nimzo-Indian: Rubinstein: 4...0-0 5 Nf3 d5 6 Bd3 b6.} 10. Rc1 a6 {10...Bf8 is the modern continuation. Played by Leinier Dominguez Perez in July 2020.} 11. Ne5 Bd6 {White is slightly better.} 12. f4 c5 13. Be1 Nc6 (13... Nbd7 $14) 14. Bf2 (14. Bh4 $16) 14... cxd4 15. exd4 {[#]} Ne7 $146 (15... b5 $14) ({Predecessor:} 15... Rc8 16. a3 Ne7 17. Qf3 Ne4 18. Nxe4 dxe4 19. Bxe4 Bxe4 20. Qxe4 f6 21. Nf3 Qd7 22. Rxc8 Rxc8 {½-½ (47) Bluebaum,M (2511)-Engel,L (2190) Playchess.com INT 2020}) 16. Bh4 $16 {aiming for Bxf6.} Ne4 $2 (16... Ng6 $16 {keeps fighting.} 17. Nxg6 fxg6) 17. Nxe4 ({Less strong is} 17. Qh5 Rf8 $16) 17... dxe4 18. Bc4 Bxe5 19. dxe5 b5 20. Qxd8 (20. Bb3 $1 $18 Qb6+ 21. Kh1) 20... Raxd8 21. Bb3 {Black must now prevent Rc7.} Rc8 22. Rxc8 Bxc8 23. Bxe7 $1 Rxe7 {[%mdl 4096] Endgame KRB-KRB} 24. Rc1 Bb7 25. Kf2 Kf8 26. Ke3 Rd7 (26... h5 $16 27. Rc3 g6) 27. Rd1 $18 Rc7 28. f5 Ke7 29. g4 a5 30. Rd2 Rc5 31. Kf4 $2 (31. Rc2 $1 $18 {[%cal Rc2c5]} Rc6 32. Rxc6 Bxc6 33. Bc2) 31... a4 (31... e3 $1 $11 {remains equal.} 32. f6+ gxf6 33. exf6+ Kxf6 34. Kxe3 Ke7) 32. Bxf7 $2 {[%mdl 8192]} (32. Rc2 $16 axb3 33. Rxc5 bxa2 34. Rc7+ Kd8 35. Rc1) 32... e3 $1 $19 {[%cal Re3d2]} 33. Re2 $2 (33. Kxe3 $17 Rxe5+ 34. Kd4 Re4+ {[%mdl 64] Double Attack} 35. Kc5 Kxf7 36. Rd7+ Re7 37. Rxe7+ Kxe7 38. Kxb5) 33... Kxf7 34. Rxe3 {KRB-KR} Rc4+ 35. Kg3 Ke7 36. Rd3 (36. b3 $142 Rc2 37. bxa4 bxa4 38. a3) 36... Be4 37. Rd6 Rc2 38. Re6+ (38. Kf4 {is a better defense.} Bh1 39. Ra6) 38... Kf7 39. Ra6 Rxb2 40. Ra7+ $2 (40. Kf4 Bd5 41. e6+ Kf8 42. Ke5) 40... Kf8 41. e6 {intending Rf7+.} Rb4 $2 ({Black should play} 41... Rxa2 $19 {Hoping for ...Bc6.} 42. Rf7+ Kg8) 42. Kf4 $2 (42. Rf7+ $11 Kg8 43. g5) 42... Bb1+ ({Black should try} 42... Bg2+ $19 43. Kg3 Bc6) 43. Ke5 $17 Re4+ ({Of course not} 43... Bxa2 44. Ra8+ Ke7 45. Ra7+ Kf8 46. Ra8+ Ke7 47. Ra7+ Kf8 $11) 44. Kd5 (44. Kd6 $142 Rd4+ 45. Kc5 Rxg4 46. Kd6 Rd4+ 47. Ke5) 44... Re2 (44... Rxg4 $17 45. Kd6 Rd4+ 46. Ke5 Rd3 47. Ra8+ Ke7 48. Ra7+ Kd8) 45. a3 $1 $11 Be4+ 46. Kd6 {Strongly threatening Rf7+.} Rd2+ ({Wrong is} 46... Rxh2 $2 47. Rf7+ Kg8 48. Rd7 $18) 47. Ke5 {Threatens to win with Rf7+.} Bb1 $2 {[#]} (47... Bc6 $11 {and Black stays safe.}) 48. Rf7+ $1 $18 {[%mdl 1024] White has strong compensation.} Kg8 {[#]} 49. Rd7 $1 {[%cal Rd7d2]} Kf8 $2 (49... Re2+ $18 50. Kd6 h5) 50. Rxd2 {Accuracy: White = 46%, Black = 35%.} 1-0

[Event "47th GER-ch Blitz 2020"]
[Site "Magdeburg"]
[Date "2020.08.15"]
[Round "12.9"]
[White "Weller, Manuel"]
[Black "Meier, Georg"]
[Result "0-1"]
[WhiteElo "2237"]
[BlackElo "2621"]
[Annotator "TA"]
[PlyCount "58"]
[EventDate "2020.07.28"]
[EventType "tourn"]
[EventCountry "GER"]
[SourceTitle "playchess.com"]
[Source "ChessBase"]
[SourceQuality "1"]

{[%evp 13,58,0,1,-7,12,-3,26,25,32,33,45,0,0,-10,0,-7,38,25,43,-69,-25,-82,-34,-168,-120,-362,0,-287,-275,-269,-218,-445,-170,-155,-162,-167,-21,-25,-9,-7,-10,-30,-29,-1077,-1077,-1064,-1012]} 1. c4 b6 2. d4 e6 3. Nc3 Bb4 4. Qc2 Bb7 5. Nf3 Nf6 6. e3 Ne4 7. Bd3 f5 {7...Bxc3+ is not played anymore.} 8. Bd2 {[%cal Rc3e4] E43: Nimzo-Indian: Rubinstein: 4...b6.} Nxd2 9. Qxd2 {[#]} c5 $146 ({Predecessor:} 9... O-O 10. a3 Bxc3 11. Qxc3 c5 12. dxc5 bxc5 13. Be2 a5 14. Rd1 Qe7 15. O-O d6 {½-½ (30) Nikolov,M (2478)-Arnaudov,P (2347) Blagoevgrad 2009}) 10. d5 {White has an edge.} O-O 11. e4 b5 12. exf5 (12. O-O $14) 12... exd5 $11 13. cxd5 c4 {[#] Threatens to win with ...Bxc3.} 14. Bc2 Qe7+ 15. Kf1 Na6 16. g3 ({White should try} 16. h4 $14) 16... Nc7 {[%mdl 1024] Black has compensation.} 17. Re1 (17. Rg1 $11 {keeps the balance.}) 17... Qf6 18. Re5 ({White should play} 18. Be4 $15) 18... Rae8 $36 {[%mdl 2048] Keeping White busy.} 19. Qd4 $2 {[#]} (19. Rxe8 $17 Rxe8 20. Kg2) 19... d6 $2 ({Better is} 19... Rxe5 $19 20. Nxe5 Re8) 20. Re3 $2 {[%mdl 8192]} (20. Rxe8 $11 Nxe8 21. Nxb5) 20... Qxd4 21. Nxd4 Bxc3 ({But not} 21... Nxd5 22. Nxd5 Bxd5 23. Rg1 $19) 22. Rxe8 $2 (22. Rxc3 Nxd5 23. Ra3) 22... Rxe8 $2 ({Not} 22... Nxe8 23. bxc3 Nf6 24. f3 $11 (24. Nxb5 Bxd5 25. Rg1 Rb8 $15)) (22... Bxd4 23. Rxf8+ Kxf8) 23. bxc3 $19 Nxd5 24. Nxb5 Nxc3 (24... Bc6 $19 25. Nxd6 {[%mdl 64] Double Attack} Rd8 26. Nxc4 Nxc3 {[%mdl 64] Discovered Attack}) 25. Nxd6 $11 Rb8 26. Nxb7 Rxb7 27. Kg2 Rb2 28. Rc1 $2 {[%mdl 8192]} (28. Bd1 $11) 28... Nxa2 $19 29. Rd1 Rxc2 {Accuracy: White = 35%, Black = 49%.} 0-1

[Event "47th GER-ch Blitz 2020"]
[Site "Magdeburg"]
[Date "2020.08.15"]
[Round "12.10"]
[White "Voege, Tobias"]
[Black "Frischmann, Rick"]
[Result "0-1"]
[WhiteElo "2326"]
[BlackElo "2347"]
[Annotator "TA"]
[PlyCount "52"]
[EventDate "2020.07.28"]
[EventType "tourn"]
[EventCountry "GER"]
[SourceTitle "playchess.com"]
[Source "ChessBase"]
[SourceQuality "1"]

{[%evp 15,52,-16,-11,-19,-6,-39,0,-35,-16,-67,-28,-81,-80,-89,-63,-79,-58,-56,-56,-69,-53,-151,-158,-168,-195,-425,-434,-433,-433,-418,-425,-429,-396,-953,-830,-1540,-1506,-29991,-2460]} 1. c4 e5 2. Nc3 Bb4 3. g3 Bxc3 4. bxc3 d6 5. Bg2 f5 6. d3 Nf6 7. Nf3 O-O 8. O-O Nc6 9. a4 {[#] A21: English Opening: 1...e5 2 Nc3.} Qe7 $146 ({Predecessor:} 9... Qe8 10. a5 a6 11. c5 d5 12. Qb3 e4 13. Nd4 Ne5 14. dxe4 fxe4 15. Bxe4 Nxe4 16. Qxd5+ Nf7 {1-0 (58) Teske,H (2475)-Rasmussen,A (2498) Berlin 2015}) 10. Ba3 Kh8 11. Nd2 {The position is equal.} Bd7 12. Qc2 ({White should play} 12. e4 $11) 12... Rae8 13. Rab1 (13. e4 $11) 13... b6 $17 14. e3 Qf7 15. d4 e4 (15... f4 $5) 16. c5 bxc5 17. dxc5 d5 $1 18. Rb7 (18. Nb3 $15) 18... Bc8 19. Rb2 Ng4 20. Nb3 $2 (20. h3 {was necessary.} Nge5 21. Rb3) 20... Qh5 $19 {[%csl Gg4][%cal Rh5h2]} 21. h3 Nge5 22. Qd1 {[#]} Nf3+ $1 23. Bxf3 exf3 24. Nd4 $2 (24. Nd2 Ne5 25. h4) 24... Ne5 25. c4 f4 26. exf4 {[#]} Rxf4 $1 {[%mdl 512] White got outplayed after the opening. Accuracy: White = 33%, Black = 79%.} 0-1

[Event "47th GER-ch Blitz 2020"]
[Site "Magdeburg"]
[Date "2020.08.15"]
[Round "12.11"]
[White "Holtel, Jasper"]
[Black "Dobrikov, Marco"]
[Result "1-0"]
[WhiteElo "2305"]
[BlackElo "2290"]
[Annotator "ChessBase"]
[PlyCount "58"]
[EventDate "2020.07.28"]
[EventType "tourn"]
[EventCountry "GER"]
[SourceTitle "playchess.com"]
[Source "ChessBase"]
[SourceQuality "1"]
[TimeControl "180+2"]

1. e4 {[%emt 0:00:00]} c5 {[%emt 0:00:00]} 2. d4 {[%emt 0:00:01]} cxd4 {[%emt 0:00:00]} 3. c3 {[%emt 0:00:01]} dxc3 {[%emt 0:00:00]} 4. Nxc3 {[%emt 0:00:02]} e6 {[%emt 0:00:04]} 5. Nf3 {[%emt 0:00:04]} a6 {[%emt 0:00:00]} 6. Bc4 {[%emt 0:00:02]} b5 {[%emt 0:00:01]} 7. Bb3 {[%emt 0:00:01]} Bb7 {[%emt 0:00:02]} 8. O-O {[%emt 0:00:02]} Nc6 {[%emt 0:00:03]} 9. Qe2 {[%emt 0:00:03]} Nge7 {[%emt 0:00:43]} 10. Bg5 {[%emt 0:00:02]} f6 {[%emt 0:00:03]} 11. Be3 {[%emt 0:00:09]} Ng6 {[%emt 0:00:02]} 12. Rad1 {[%emt 0:00:11]} Qc7 {[%emt 0:00:04]} 13. Nd5 {[%emt 0:00:22]} exd5 {[%emt 0:00:03]} 14. exd5 {[%emt 0:00:01]} Nce5 {[%emt 0:00:07]} 15. Nxe5 {[%emt 0:00:12]} Qxe5 {[%emt 0:00:32]} 16. f4 {[%emt 0:00:18]} Qe7 {[%emt 0:00:32]} 17. d6 {[%emt 0:00:21]} Qe4 {[%emt 0:00:10]} 18. Rd4 {[%emt 0:00:06]} Qf5 {[%emt 0:00:23]} 19. Bd2+ {[%emt 0:00:07]} Be7 {[%emt 0:00:10]} 20. dxe7 {[%emt 0:00:03]} Nh4 {[%emt 0:00:12]} 21. Rf2 {[%emt 0:00:44]} Rc8 {[%emt 0:00:03]} 22. g3 {[%emt 0:00:27]} Ng6 {[%emt 0:00:01]} 23. Bb4 {[%emt 0:00:11]} d5 {[%emt 0:00:23]} 24. Qd2 {[%emt 0:00:06]} Qd7 {[%emt 0:00:01]} 25. Re2 {[%emt 0:00:03]} h5 {[%emt 0:00:05]} 26. Bxd5 {[%emt 0:00:03]} Bxd5 {[%emt 0:00:01]} 27. Rxd5 {[%emt 0:00:01]} Rc1+ {[%emt 0:00:05]} 28. Qxc1 {[%emt 0:00:05]} Qxd5 {[%emt 0:00:00]} 29. Qd2 {[%emt 0:00:05]} Qxd2 1-0

[Event "47th GER-ch Blitz 2020"]
[Site "Magdeburg"]
[Date "2020.08.15"]
[Round "12.12"]
[White "Langrock, Hannes"]
[Black "Zelbel, Patrick"]
[Result "1/2-1/2"]
[WhiteElo "2346"]
[BlackElo "2448"]
[Annotator "TA"]
[PlyCount "44"]
[EventDate "2020.07.28"]
[EventType "tourn"]
[EventCountry "GER"]
[SourceTitle "playchess.com"]
[Source "ChessBase"]
[SourceQuality "1"]

{[%evp 23,44,18,17,-5,26,-7,-10,-17,-10,-32,-19,-23,-9,-35,-7,-28,68,67,111,19,33,25,27]} 1. d4 Nf6 2. c4 e6 3. g3 c5 4. Nf3 cxd4 5. Nxd4 d5 6. Bg2 e5 7. Nf3 d4 8. O-O Nc6 9. e3 Be7 10. exd4 exd4 11. Bf4 O-O 12. Ne5 Qb6 13. Nd2 {13.Re1 is setting a new trend. E01: Catalan: Early deviations.} Be6 14. Nxc6 bxc6 15. Qb3 {The position is equal.} Rac8 16. Ne4 {[#]} Nxe4 $146 ({Predecessor:} 16... Rfd8 17. Rfd1 Nxe4 18. Bxe4 Bg4 19. f3 Be6 20. Kg2 Qc5 21. Qc2 Qxc4 22. Bxh7+ Kf8 23. Qxc4 Bxc4 {½-½ (41) Korpa,B (2473)-Nguyen,T (2429) Marianske Lazne 2017}) 17. Bxe4 Rfd8 18. Rad1 Bf6 19. Rfe1 d3 (19... Qxb3 $11 20. axb3 g5) 20. Rxd3 $14 Qxb3 {[#]} 21. axb3 (21. Rxd8+ $1 $16 Rxd8 22. axb3) 21... Rxd3 $1 $11 22. Bxd3 Bxb2 1/2-1/2

[Event "47th GER-ch Blitz 2020"]
[Site "Magdeburg"]
[Date "2020.08.15"]
[Round "12.13"]
[White "Siebrecht, Sebastian"]
[Black "Wichmann, Cliff"]
[Result "0-1"]
[WhiteElo "2429"]
[BlackElo "2305"]
[Annotator "TA"]
[PlyCount "90"]
[EventDate "2020.07.28"]
[EventType "tourn"]
[EventCountry "GER"]
[SourceTitle "playchess.com"]
[Source "ChessBase"]
[SourceQuality "1"]

{[%evp 11,90,-77,-18,-48,-8,-10,-8,-32,24,6,7,7,13,-11,-12,-18,-6,-56,-50,-185,-131,-141,0,0,90,70,118,75,93,80,94,80,84,79,93,75,239,-45,-32,-125,-145,-252,-233,-416,-404,-403,-333,-474,-368,-358,-336,-350,-300,-355,-289,-288,-220,-220,-220,-218,-218,-208,-214,-212,-212,-206,-175,-261,-194,-187,-175,-29972,-6414,-29982,-29982,-29982,-29982,-29980,-29981,-29983,-29983]} 1. d4 d5 2. Nf3 Nf6 3. Bg5 Ne4 4. Bh4 c5 5. e3 Qb6 6. Qc1 Nc6 (6... cxd4 $17 7. Nxd4 e5) 7. c3 {D03: 1 d4 d5 2 Nf3 Nf6 3 Bg5, including Torre Attack with early ...d5.} Bg4 8. Nbd2 Nxd2 9. Nxd2 {[#] The position is equal.} e5 $146 (9... cxd4 $15 10. exd4 Nxd4 $1 {[%mdl 512]}) ({Predecessor:} 9... cxd4 10. exd4 Nxd4 11. f3 Qe6+ 12. Kd1 Bf5 13. cxd4 Rc8 14. Bb5+ Kd8 15. Nc4 dxc4 {0-1 (24) Sanuy Moncasi,A (2051)-Sole Pijuan,F (2116) Lleida 2015}) 10. dxe5 Nxe5 11. Bg3 Bd6 12. Qc2 O-O 13. h3 Bh5 14. Bxe5 Bxe5 15. Qf5 (15. Bd3 $15) 15... Qxb2 (15... Bg6 $19 16. Qxe5 Qxb2) 16. Rb1 $17 Qxc3 (16... Bg6 $17 17. Qxg6 Qxa2) 17. Qxh5 $11 Rfe8 (17... c4 $11) 18. Bb5 Re6 19. Qe2 (19. Qd1 {seems wilder.} c4 20. O-O Bf6 21. Bd7 Re7 22. Bg4) 19... c4 20. O-O Rd8 21. Nf3 a6 22. Ba4 $1 b5 23. Bc2 ({Reject} 23. Nxe5 $6 Qxe5 24. Bxb5 axb5 $11) 23... d4 $2 {[#]} (23... Bf6 $16 {keeps fighting.}) 24. Bf5 $2 (24. Bxh7+ $1 $18 {[%mdl 512]} Kf8 (24... Kxh7 25. Ng5+) 25. Ng5) 24... d3 $36 {[%mdl 3072] Black has compensation. Black has some pressure.} 25. Qd1 {White is on the road to losing.} ({White should play} 25. Bxh7+ $1 $15 Kf8 26. Qd1) 25... Re7 $1 $17 26. Nd2 (26. a4 $17 {was worth a try.} Qa5 27. axb5 axb5 28. Be4) 26... Bc7 {Strongly threatening ...Qe5.} 27. e4 $2 (27. Qg4 g6 28. Nf3) 27... g6 $19 28. Bg4 Bf4 29. Nf3 (29. Nb3 $142) 29... Rxe4 {Hoping for ...h5.} 30. g3 Bh6 31. Nh2 Qc2 32. Bf3 Re7 33. Ng4 Bg7 34. Qxc2 dxc2 35. Rbc1 {[#]} Rd2 $1 {And now ...Bb2 would win.} 36. Ne3 {[#]} Rxe3 $1 {[%mdl 512]} 37. fxe3 {aiming for Rf2.} Bb2 38. Rce1 b4 39. Be4 (39. Rf2 $142 c3 40. Kf1) 39... b3 40. axb3 cxb3 41. Bd5 $2 (41. Rb1 $19 cxb1=N 42. Rxb1) 41... Rxd5 42. e4 Rd2 {Black mates.} 43. e5 c1=Q 44. Rxc1 Bxc1 45. Rxc1 b2 {Accuracy: White = 41%, Black = 61%.} 0-1

[Event "47th GER-ch Blitz 2020"]
[Site "Magdeburg"]
[Date "2020.08.15"]
[Round "12.14"]
[White "Braun, Georg"]
[Black "Barzen, Pascal"]
[Result "1-0"]
[WhiteElo "2360"]
[BlackElo "2321"]
[Annotator "TA"]
[PlyCount "62"]
[EventDate "2020.07.28"]
[EventType "tourn"]
[EventCountry "GER"]
[SourceTitle "playchess.com"]
[Source "ChessBase"]
[SourceQuality "1"]

{[%evp 11,62,45,34,29,54,63,167,162,241,117,135,121,125,122,138,127,100,112,102,116,206,148,137,144,195,184,180,125,104,-21,-25,-37,-18,-20,-16,-23,-39,-27,0,-57,-57,-57,-44,-253,-204,-257,-216,-12839,-547,-29993,-29994,-29994,-29995]} 1. e4 c6 2. Nc3 d5 3. Nf3 Bg4 4. h3 Bh5 5. g4 Bg6 6. exd5 cxd5 7. Ne5 {B11: Caro-Kann: Two Knights Variation.} a6 8. h4 {Hoping for Bg2.} (8. Nxg6 hxg6 9. Bg2 e6 $11) 8... d4 ({Black should play} 8... f6 $14 9. Nxg6 hxg6) 9. h5 $1 $18 {[%cal Rh5g6] [#] White is clearly better.} Qd6 $146 (9... Qc7 $142) ({Predecessor:} 9... dxc3 10. hxg6 Qd4 11. gxf7+ Kd8 12. dxc3 Qxd1+ 13. Kxd1 Nh6 14. g5 Nf5 15. Ng6 hxg6 16. Rxh8 {1-0 (48) Hartmann,N (1474)-Gruenter,M (1574) Willingen 2005}) 10. hxg6 (10. f4 $18 Bf5 11. gxf5 dxc3 12. dxc3 (12. bxc3 f6 $18)) 10... Qxe5+ $16 11. Qe2 Qxe2+ 12. Nxe2 {[%cal Bc3e2,Be2d4,Bd4e6][%mdl 32]} fxg6 13. Nxd4 {aiming for Ne6.} e5 14. Ne6 Bd6 15. d4 {dxe5 is the strong threat.} Nf6 (15... Nc6 $16) 16. Bg2 ({Don't take} 16. Nxg7+ $6 Ke7 $16) 16... Nc6 17. g5 ({Weaker is} 17. Nxg7+ Kf7 $17) 17... Nh5 {[#]} (17... Nd7 $16 {is a better defense.}) 18. dxe5 $1 $18 Nxe5 19. Bxb7 (19. Be3 $18) 19... Ra7 $16 20. Bg2 (20. Bd5 $16 {Black must now prevent Be3.} Re7 21. f4) 20... Re7 $1 $11 {[%cal Re7e6]} 21. Bh3 Kf7 $1 22. Be3 $1 Rxe6 23. Bxe6+ Kxe6 24. O-O-O Rf8 25. Rhe1 (25. Rh4 $11) 25... Nf4 $15 26. Rh1 Nc4 $36 {[%mdl 2048] And now ...Ne2+ would win. White is under pressure.} 27. Rxh7 $2 {Loses the game.} ({Better is} 27. c3 $15) 27... Ne2+ $19 28. Kb1 {[#] Black should prevent Rh4.} Rb8 $1 {[%mdl 512]} 29. Ka1 $2 {[#]} (29. Rxd6+ Kxd6 30. b3) 29... Rxb2 (29... Be5 $142 $1 {[%mdl 512]} 30. c3 Rxb2 31. Rd6+ {[%mdl 64] Decoy} Kxd6 32. Bc5+ Kxc5 33. Rh3 Nxc3 {[%mdl 64] Discovered Attack} 34. Rxc3 {[%mdl 64] Remove Defender} Bxc3 35. a4 Rc2+ {[%mdl 64] Discovered Attack} 36. Kb1 Na3#) 30. Rh4 {[#]} Nc3 $1 {[%csl Gc3][%cal Rb2a2][%mdl 64] Double Attack} 31. Rxd6+ Kxd6 {[%mdl 32768] Accuracy: White = 47%, Black = 58%. . Sensor Board Error (Ke4/e5)?} 1-0